000 00493cam a2200181ua 4500
020 _cRs 10.00
041 _amal
_h
082 _a894.812 301
_bLAL/TH
100 _aLalithambika, Antharjanam.
245 _aTheranjedutha kathakal /
_cLalithambika Antharjanam.
_hTextual Documents
250 _a1 /
_b.
260 _aKottayam :
_bSahitya Pravarthaka Co-operative Society ,
_c1966.
300 _a415 ; .
365 _aRs 10.00
504 _a
942 _cBK
999 _c4032
_d4032